El zorro : (Registro nro. 30047)
[ vista simple ]
| 000 -LEADER | |
|---|---|
| fixed length control field | 01454nam a22002657a 4500 |
| 003 - CONTROL NUMBER IDENTIFIER | |
| control field | OSt |
| 005 - DATE AND TIME OF LATEST TRANSACTION | |
| control field | 20250429122311.0 |
| 008 - FIXED-LENGTH DATA ELEMENTS--GENERAL INFORMATION | |
| fixed length control field | 230705s2005 ck ||||er|||| 00| fdspa d |
| 020 ## - INTERNATIONAL STANDARD BOOK NUMBER | |
| International Standard Book Number | 9586392449 |
| 040 ## - CATALOGING SOURCE | |
| Original cataloging agency | CO-JMCR |
| Transcribing agency | CO-JMCR |
| 041 0# - LANGUAGE CODE | |
| Language code of text/sound track or separate title | spa |
| 082 04 - DEWEY DECIMAL CLASSIFICATION NUMBER | |
| Classification number | A-N |
| Item number | ALLz |
| 100 1# - MAIN ENTRY--PERSONAL NAME | |
| Personal name | Allende, Isabel, |
| Relator term | autora |
| 9 (RLIN) | 33 |
| 245 13 - TITLE STATEMENT | |
| Title | El zorro : |
| Remainder of title | comienza la leyenda / |
| Statement of responsibility, etc. | Isabel Allende |
| 250 ## - EDITION STATEMENT | |
| Edition statement | Primera edición |
| 260 ## - PUBLICATION, DISTRIBUTION, ETC. | |
| Place of publication, distribution, etc. | Bogotá ; |
| -- | Barcelona : |
| Name of publisher, distributor, etc. | Plaza Janés, |
| Date of publication, distribution, etc. | 2005 |
| 300 ## - PHYSICAL DESCRIPTION | |
| Extent | 381 páginas ; |
| Dimensions | 23 cm. |
| 500 ## - GENERAL NOTE | |
| General note | Incluye datos biográficos del autor<br/> |
| 505 0# - FORMATTED CONTENTS NOTE | |
| Formatted contents note | California, 1970-1810 -- Barcelona, 1810-1812 -- Barcelona, 1812-1814 -- España, fines de 1814-comienzos de 1815 -- Alta California, 1815 -- Alta California, 1840 |
| 520 3# - SUMMARY, ETC. | |
| Summary, etc. | "Ésta es la historia de Diego de la Vega y de cómo se convirtió en el legendario Zorro. Por fin puedo revelar su identidad, que por tantos años mantuvimos en secreto..."<br/>California, año 1790: empieza una aventura en una época fascinante y turbulenta, con personajes entrañables y de espíritu indómito, y un hombre de corazón romántico y sangre liviana. Llegó la hora de desenmascarar al Zorro.<br/>Isabel Allende rescata la figura del héroe y, con ironía y humanidad, le da vida más allá de la leyenda. |
| 650 14 - SUBJECT ADDED ENTRY--TOPICAL TERM | |
| Topical term or geographic name entry element | Novela chilena |
| Chronological subdivision | Siglo XX |
| 9 (RLIN) | 42748 |
| 650 14 - SUBJECT ADDED ENTRY--TOPICAL TERM | |
| Topical term or geographic name entry element | Literatura chilena |
| Chronological subdivision | Siglo XX |
| 9 (RLIN) | 42749 |
| 650 24 - SUBJECT ADDED ENTRY--TOPICAL TERM | |
| Topical term or geographic name entry element | Superhéroes en la literatura |
| 9 (RLIN) | 42750 |
| 942 ## - ADDED ENTRY ELEMENTS (KOHA) | |
| Source of classification or shelving scheme | Dewey Decimal Classification |
| Koha item type | Books |
| Withdrawn status | Lost status | Source of classification or shelving scheme | Damaged status | Not for loan | Home library | Current library | Shelving location | Date acquired | Source of acquisition | Total Checkouts | Full call number | Barcode | Date last seen | Date last checked out | Copy number | Price effective from | Koha item type |
|---|---|---|---|---|---|---|---|---|---|---|---|---|---|---|---|---|---|
| Dewey Decimal Classification | Biblioteca Pública José María del Castillo y Rada | Biblioteca Pública José María del Castillo y Rada | Fiction | 05/30/2023 | Donación | 8 | A-N ALLz | 201812080 | 07/31/2025 | 07/30/2025 | Ej.1 | 07/05/2023 | Books |